[Event "Bolton Easter op"]
[Site "Bolton"]
[Date "2024.03.31"]
[Round "6"]
[White "Kobryn, Peter J"]
[Black "Surtees, Michael"]
[Result "1-0"]
[WhiteElo "1896"]
[BlackElo "2050"]
[PlyCount "61"]
[EventDate "2024.03.29"]
[EventType "swiss"]
[EventRounds "6"]
[EventCountry "ENG"]
[SourceTitle "CB18_2024"]
[SourceDate "2024.05.01"]
[SourceVersion "1"]
[SourceVersionDate "2024.05.01"]
[SourceQuality "2"]

1. Nf3 c6 2. c4 f6 3. e3 e5 4. Nc3 d6 5. h3 Nh6 6. d4 Nf7 7. Bd3 g6 8. 0-0 f5 9. dxe5 dxe5 10. Be2 Qc7 11. b3 a5 12. Bb2 Na6 13. Rc1 Nc5 14. Qc2 Be7 15. Rfd1 g5 16. Nh2 h5 17. Bf1 g4 18. g3 Ng5 19. h4 Nf3+ 20. Nxf3 gxf3 21. e4 f4 22. Kh2 Ne6 23. Qd2 Rg8 24. Nd5 Qb8 25. Nb6 Bb4 26. Qd3 Bc5 27. Nxc8 fxg3+ 28. fxg3 Bd4 29. Ba3 Qxc8 30. Qxf3 Kd7 31. Qf7+ 1-0

[Event "British Rapidplay"]
[Site "Peterborough"]
[Date "2024.03.03"]
[Round "11"]
[White "Buckley, Graeme N"]
[Black "Surtees, Michael"]
[Result "1-0"]
[WhiteElo "2332"]
[BlackElo "2050"]
[PlyCount "115"]
[EventDate "2024.03.02"]
[EventType "swiss (rapid)"]
[EventRounds "11"]
[EventCountry "ENG"]
[SourceTitle "CB10_2024"]
[SourceDate "2024.03.06"]
[SourceVersion "1"]
[SourceVersionDate "2024.03.06"]
[SourceQuality "1"]

1. e4 c6 2. d4 d5 3. e5 Bf5 4. Nf3 e6 5. Be2 Nd7 6. 0-0 h6 7. Nbd2 g5 8. Nb3 Ne7 9. a4 Bg7 10. a5 a6 11. Bd2 f6 12. exf6 Bxf6 13. Re1 0-0 14. Bd3 Ng6 15. Qe2 Rf7 16. Bxf5 exf5 17. Qe6 Ndf8 18. Qxf5 Bxd4 19. Qh3 Bxb2 20. Rab1 Bg7 21. Nc5 Rb8 22. Qg3 Nf4 23. h4 gxh4 24. Nxh4 Nh5 25. Qg4 Nf6 26. Qh3 Ne4 27. Nxe4 dxe4 28. Be3 Qxa5 29. Bb6 Qa2 30. Rb3 Qxc2 31. Rg3 Qd2 32. Rxe4 Qd7 33. Reg4 Ne6 34. Rg6 Ng5 35. Qxd7 Rxd7 36. Nf5 Kh7 37. Rxg7+ Rxg7 38. Nxg7 Kxg7 39. f4 Kf6 40. fxg5+ hxg5 41. Kf2 Rc8 42. Rc3 Re8 43. Rf3+ Kg6 44. Rd3 Re7 45. g4 Re4 46. Rd6+ Kf7 47. Kf3 Rf4+ 48. Kg3 Ke7 49. Rg6 Kd7 50. Be3 Rb4 51. Bxg5 a5 52. Bd2 Rb3+ 53. Kf4 a4 54. Rg8 b5 55. g5 a3 56. Ra8 b4 57. g6 Rb2 58. g7 1-0

[Event "British Rapidplay"]
[Site "Peterborough"]
[Date "2024.03.03"]
[Round "8"]
[White "Surtees, Michael"]
[Black "Botteley, Michael T"]
[Result "1-0"]
[WhiteElo "2050"]
[BlackElo "1941"]
[PlyCount "82"]
[EventDate "2024.03.02"]
[EventType "swiss (rapid)"]
[EventRounds "11"]
[EventCountry "ENG"]
[SourceTitle "CB10_2024"]
[SourceDate "2024.03.06"]
[SourceVersion "1"]
[SourceVersionDate "2024.03.06"]
[SourceQuality "1"]

1. e4 c6 2. Ne2 d5 3. e5 c5 4. b4 e6 5. a3 Nc6 6. d4 Nxd4 7. Nxd4 cxd4 8. Qxd4 Ne7 9. Bb2 Nc6 10. Qe3 Qc7 11. Bd3 Be7 12. Nd2 0-0 13. 0-0 b6 14. Nf3 Bb7 15. h4 Rfd8 16. h5 Rac8 17. Rfe1 Rd7 18. Rad1 Rcd8 19. Ng5 Bxg5 20. Qxg5 h6 21. Qg4 Ne7 22. Re3 d4 23. Ree1 Kh8 24. Re2 a5 25. b5 Qc5 26. Rde1 Ba8 27. Qf4 Kg8 28. Kh2 Bb7 29. Qg4 Kh8 30. Qf4 Kg8 31. Qg3 Kh8 32. Qf4 Kg8 33. Kg1 Ba8 34. Bc1 Nc8 35. Bd2 Kf8 36. Bc1 Kg8 37. Qg3 Kf8 38. Kh2 Ne7 39. Bh7 d3 40. Bxd3 Nd5 41. Re4 Ne7 1-0

[Event "British Rapidplay"]
[Site "Peterborough"]
[Date "2024.03.02"]
[Round "5"]
[White "Mittal, Aditya"]
[Black "Surtees, Michael"]
[Result "0-1"]
[WhiteElo "1809"]
[BlackElo "2050"]
[PlyCount "106"]
[EventDate "2024.03.02"]
[EventType "swiss (rapid)"]
[EventRounds "11"]
[EventCountry "ENG"]
[SourceTitle "CB10_2024"]
[SourceDate "2024.03.06"]
[SourceVersion "1"]
[SourceVersionDate "2024.03.06"]
[SourceQuality "1"]

1. b3 c5 2. Bb2 d5 3. e3 a6 4. Nf3 Nc6 5. d4 cxd4 6. Nxd4 e6 7. Nxc6 bxc6 8. c4 Nf6 9. Be2 Bb4+ 10. Bc3 a5 11. 0-0 0-0 12. a3 Bd6 13. Nd2 Qe7 14. Bb2 e5 15. Qc2 Bd7 16. Rfd1 Rfe8 17. Nf1 h5 18. Ng3 g6 19. Bf3 h4 20. Nf1 e4 21. Be2 Be5 22. cxd5 cxd5 23. Bxe5 Qxe5 24. Rac1 h3 25. Qc7 hxg2 26. Ng3 Qxc7 27. Rxc7 Reb8 28. Rb1 Bh3 29. Bd1 Rb6 30. Ne2 Kg7 31. Nd4 Nd7 32. f4 exf3 33. Bxf3 Nf6 34. Bxg2 Bxg2 35. Kxg2 Ne4 36. Rf1 Rf6 37. Rxf6 Kxf6 38. Kf3 a4 39. b4 Nd2+ 40. Ke2 Nc4 41. Nc2 Rh8 42. Kd3 Rxh2 43. Ra7 g5 44. b5 g4 45. Ra6+ Kg7 46. Nd4 Rf2 47. e4 g3 48. b6 g2 49. b7 g1Q 50. Nf5+ Rxf5 51. b8Q Qe3+ 52. Kc2 Rf2+ 53. Kb1 Qe1# 0-1

[Event "British Rapidplay"]
[Site "Peterborough"]
[Date "2024.03.02"]
[Round "4"]
[White "Surtees, Michael"]
[Black "Hill, Callum"]
[Result "1-0"]
[WhiteElo "2050"]
[BlackElo "1542"]
[PlyCount "121"]
[EventDate "2024.03.02"]
[EventType "swiss (rapid)"]
[EventRounds "11"]
[EventCountry "ENG"]
[SourceTitle "CB10_2024"]
[SourceDate "2024.03.06"]
[SourceVersion "1"]
[SourceVersionDate "2024.03.06"]
[SourceQuality "1"]

1. e4 e5 2. d3 Nc6 3. Nf3 g6 4. c4 Bg7 5. Nc3 d6 6. h3 Nge7 7. g3 Be6 8. Bg2 Qd7 9. Nd5 f5 10. Ng5 0-0-0 11. Qa4 Kb8 12. Nxe6 Qxe6 13. Be3 Rhf8 14. Nxe7 Qxe7 15. exf5 gxf5 16. Bxc6 bxc6 17. Qxa7+ Kc8 18. 0-0-0 Qf6 19. Bd2 Kd7 20. Qe3 Ra8 21. Kb1 Rfb8 22. Bc3 Ra3 23. Ka1 Ra6 24. d4 Qe6 25. d5 cxd5 26. cxd5 Qg6 27. Rhe1 Rba8 28. a3 Rb6 29. Ka2 Qf7 30. g4 f4 31. Qe4 Bf6 32. Qf5+ Ke8 33. Qxf4 Kf8 34. Qe3 Rb5 35. Qd3 Rb6 36. Re4 Qe8 37. Rb4 Rxb4 38. Bxb4 Qa4 39. Qb3 Qa7 40. Qc2 Qb6 41. Bc3 Qc5 42. Qxh7 Ra7 43. Qf5 Kg7 44. g5 Bd8 45. Qd7+ Kg6 46. Qxd8 Qxf2 47. Qg8+ Kh5 48. Qh7+ Kxg5 49. Bd2+ Kf6 50. Qh8+ Kf7 51. Qh5+ Kf8 52. Bh6+ Ke7 53. Bg5+ Kd7 54. Qh7+ Kc8 55. Qd3 Qf7 56. h4 Ra5 57. Qc4 Rc5 58. Qa6+ Kd7 59. Qa4+ Kc8 60. Qa8+ Kd7 61. Qd8# 1-0

[Event "British Rapidplay"]
[Site "Peterborough"]
[Date "2024.03.02"]
[Round "6"]
[White "Surtees, Michael"]
[Black "Keerthi Kumar, Advait"]
[Result "0-1"]
[WhiteElo "2050"]
[BlackElo "1794"]
[PlyCount "92"]
[EventDate "2024.03.02"]
[EventType "swiss (rapid)"]
[EventRounds "11"]
[EventCountry "ENG"]
[SourceTitle "CB10_2024"]
[SourceDate "2024.03.06"]
[SourceVersion "1"]
[SourceVersionDate "2024.03.06"]
[SourceQuality "1"]

1. e4 c5 2. d3 Nc6 3. f4 g6 4. Be3 b6 5. c3 Nf6 6. h3 Bg7 7. g4 0-0 8. Bg2 e5 9. Ne2 d6 10. Na3 Bb7 11. 0-0 Ne7 12. fxe5 dxe5 13. Nc4 Nc6 14. a4 Qc7 15. Bg5 Ne8 16. Qd2 Nd6 17. Ne3 Na5 18. Qc2 c4 19. d4 Nb3 20. Rad1 Bc6 21. dxe5 Bxe5 22. Nd5 Bxd5 23. exd5 Nc5 24. Nd4 Nd3 25. Nc6 Bg7 26. Rxd3 cxd3 27. Qxd3 Rfe8 28. b4 Qd7 29. c4 Rac8 30. c5 bxc5 31. bxc5 Nb7 32. Qc4 h6 33. Bf4 g5 34. Bd2 Bf8 35. Bb4 a5 36. Ba3 Re3 37. Bc1 Ree8 38. Bb2 Bxc5+ 39. Kh1 Re3 40. Rf6 Bf8 41. Rxh6 Bxh6 42. Qd4 Re1+ 43. Bf1 Rxf1+ 44. Kg2 f6 45. Kxf1 Bg7 46. Qd3 Rxc6 0-1

[Event "Harrogate 4NCL op-A 29th"]
[Site "Harrogate"]
[Date "2023.01.22"]
[Round "5"]
[White "Surtees, Michael"]
[Black "Wall, Tim"]
[Result "0-1"]
[WhiteElo "2070"]
[BlackElo "2258"]
[PlyCount "68"]
[EventDate "2023.01.20"]
[EventType "swiss"]
[EventRounds "5"]
[EventCountry "ENG"]
[SourceTitle "CBM 212 Extra"]
[Source "ChessBase"]
[SourceDate "2023.03.31"]
[SourceVersion "1"]
[SourceVersionDate "2023.03.31"]
[SourceQuality "1"]

1. e4 e5 2. Bc4 Nc6 3. Nf3 Nf6 4. d3 h6 5. Nc3 Bc5 6. a3 a6 7. h3 d6 8. Qe2 Be6 9. Bd2 b5 10. Bd5 Bxd5 11. Nxd5 Nxd5 12. exd5 Ne7 13. c4 0-0 14. 0-0 Ng6 15. cxb5 axb5 16. d4 Ba7 17. dxe5 dxe5 18. Qxb5 e4 19. Nh2 Rb8 20. Qa4 Qxd5 21. Rad1 Qb7 22. b4 Ne5 23. Qb3 Nd3 24. Ng4 Rbd8 25. Be3 h5 26. Nh2 Bxe3 27. fxe3 Qb6 28. Kh1 Qxe3 29. Qc2 Nf2+ 30. Rxf2 Rxd1+ 31. Nf1 Qe1 32. Kh2 e3 33. Rf5 e2 34. Rxh5 exf1N+ 0-1

[Event "Harrogate 4NCL op-A 29th"]
[Site "Harrogate"]
[Date "2023.01.21"]
[Round "3"]
[White "Nicholson, Jim WR"]
[Black "Surtees, Michael"]
[Result "1-0"]
[WhiteElo "1968"]
[BlackElo "2070"]
[PlyCount "85"]
[EventDate "2023.01.20"]
[EventType "swiss"]
[EventRounds "5"]
[EventCountry "ENG"]
[SourceTitle "CBM 212 Extra"]
[Source "ChessBase"]
[SourceDate "2023.03.31"]
[SourceVersion "1"]
[SourceVersionDate "2023.03.31"]
[SourceQuality "1"]

1. d4 c6 2. Nf3 f5 3. c4 Nf6 4. Nc3 g6 5. g3 Bg7 6. Bg2 Na6 7. 0-0 0-0 8. Qc2 d6 9. a3 Nc7 10. b3 Rb8 11. a4 a5 12. Bb2 Na6 13. Rad1 Nb4 14. Qb1 Qc7 15. Na2 Ne4 16. Nd2 d5 17. Nxb4 axb4 18. Qc2 Qb6 19. e3 Be6 20. c5 Qa5 21. Nf3 Rfc8 22. Ne1 b6 23. f3 Nc3 24. Bxc3 bxc3 25. Nd3 b5 26. axb5 Qxb5 27. b4 Ra8 28. Ra1 Ra6 29. Rxa6 Qxa6 30. Qxc3 Ra8 31. f4 Bc8 32. Rc1 e6 33. Bf1 Qa3 34. Ne1 h6 35. b5 cxb5 36. Bxb5 g5 37. h3 gxf4 38. gxf4 Qa7 39. Nf3 Qf7 40. Kh2 Qh5 41. Be2 Kh7 42. Ra1 Rb8 43. Ng5+ 1-0

[Event "Harrogate 4NCL op 24th"]
[Site "Harrogate"]
[Date "2020.01.19"]
[Round "4"]
[White "Surtees, Michael"]
[Black "Turner, Max N"]
[Result "0-1"]
[WhiteElo "2098"]
[BlackElo "2214"]
[PlyCount "44"]
[EventDate "2020.01.17"]
[EventType "swiss"]
[EventRounds "5"]
[EventCountry "ENG"]
[SourceTitle "CBM 194 Extra"]
[Source "ChessBase"]
[SourceDate "2020.03.31"]
[SourceVersion "1"]
[SourceVersionDate "2020.03.31"]
[SourceQuality "1"]

1. e4 c5 2. Nh3 e6 3. d3 Nc6 4. g3 d5 5. Nd2 Nf6 6. Bg2 Be7 7. 0-0 0-0 8. f4 b5 9. g4 dxe4 10. dxe4 Bb7 11. g5 Nd7 12. c4 bxc4 13. a4 Nd4 14. Ra3 Ba6 15. Rf2 Nb3 16. Nxb3 cxb3 17. Rd2 c4 18. Nf2 Bxa3 19. bxa3 c3 20. Rxd7 Qxd7 21. Qxd7 b2 22. Nd3 b1Q 0-1

[Event "Harrogate 4NCL op 24th"]
[Site "Harrogate"]
[Date "2020.01.18"]
[Round "2"]
[White "Surtees, Michael"]
[Black "Willow, Jonah B"]
[Result "0-1"]
[WhiteElo "2098"]
[BlackElo "2355"]
[PlyCount "196"]
[EventDate "2020.01.17"]
[EventType "swiss"]
[EventRounds "5"]
[EventCountry "ENG"]
[SourceTitle "CBM 194 Extra"]
[Source "ChessBase"]
[SourceDate "2020.03.31"]
[SourceVersion "1"]
[SourceVersionDate "2020.03.31"]
[SourceQuality "1"]

1. e4 c5 2. Nh3 Nc6 3. f4 d5 4. exd5 Qxd5 5. Nc3 Qd7 6. Ne4 b6 7. d3 Bb7 8. c3 g6 9. Be2 Bg7 10. 0-0 Nh6 11. Bd2 Rd8 12. Nhf2 0-0 13. Qc2 Nf5 14. Rfe1 Rfe8 15. a3 Qc7 16. Rad1 h6 17. Qb1 a5 18. a4 Nb8 19. Bf1 Nd7 20. Qc2 Nh4 21. Re3 Nf6 22. Rh3 Nf5 23. Nxf6+ exf6 24. Bc1 Qc6 25. b3 h5 26. Ne4 Nh6 27. Re3 Ng4 28. Ree1 f5 29. Ng5 Qd6 30. h3 Nf6 31. Rxe8+ Rxe8 32. d4 cxd4 33. Bc4 Nd5 34. cxd4 Bf6 35. Qf2 Kg7 36. Kh1 Nc3 37. Rd3 Ne4 38. Nxe4 fxe4 39. Rd1 Bd5 40. Be3 Rc8 41. Rc1 Qe6 42. Qe2 Rd8 43. Rd1 Be7 44. Bxd5 Qxd5 45. Qc4 Bf6 46. Qxd5 Rxd5 47. Rc1 Rd6 48. Rc4 Bd8 49. g4 hxg4 50. hxg4 f5 51. g5 Kf7 52. Kg2 Ke6 53. Kf2 Kd7 54. Ke2 Rc6 55. Kd2 Be7 56. Ke2 Kd6 57. Kd2 Kd5 58. Rxc6 Kxc6 59. d5+ Kxd5 60. Bxb6 Bb4+ 61. Ke2 Kc6 62. Bd8 Bc3 63. Kd1 Kd5 64. Kc2 Be1 65. Bf6 Bb4 66. Bd8 Kc6 67. Kd1 Kd7 68. Bb6 Kd6 69. Ke2 Bc3 70. Ke3 Kc6 71. Bd8 Kd5 72. Bb6 Be1 73. Ke2 Bb4 74. Bd8 Bc3 75. Bb6 Kc6 76. Bd8 Kd7 77. Bb6 Kc8 78. Ke3 Kb7 79. Bd8 Ka6 80. Bf6 Bb4 81. Be5 Ba3 82. Kd2 Kb6 83. Bc3 Bc5 84. Ke2 Bd6 85. Ke3 Bc7 86. b4 axb4 87. Bxb4 Kc6 88. Bc3 Kc5 89. Bd2 Kc4 90. Bc1 Bb6+ 91. Ke2 Kb3 92. Bd2 Kxa4 93. Bc3 Kb3 94. Be5 Kc4 95. Bb2 Kd5 96. Be5 Bd4 97. Bb8 Bc5 98. Bc7 Bd6 0-1

[Event "BCF-chT3N 1920 (4NCL)"]
[Site "England"]
[Date "2020.01.12"]
[Round "4.51"]
[White "Trueman, Glenn"]
[Black "Surtees, Michael"]
[Result "1/2-1/2"]
[WhiteElo "1900"]
[BlackElo "2177"]
[PlyCount "77"]
[EventDate "2019.11.09"]
[EventType "team-swiss"]
[EventRounds "11"]
[EventCountry "ENG"]
[SourceTitle "EXT 2022"]
[Source "ChessBase"]
[SourceDate "2021.10.06"]
[SourceVersion "1"]
[SourceVersionDate "2021.10.06"]
[SourceQuality "1"]
[WhiteTeam "Manchester Manticores III"]
[BlackTeam "Bolton & Worsley"]
[WhiteTeamCountry "ENG"]
[BlackTeamCountry "ENG"]

1. d4 Nf6 2. Nf3 e6 3. Bf4 h6 4. h3 b6 5. e3 Bb7 6. Bd3 d6 7. Nbd2 Nc6 8. c3 Qe7 9. Qa4 a6 10. e4 Nd7 11. Bg3 g6 12. 0-0 Bg7 13. Rfe1 0-0 14. Qc2 e5 15. d5 Nd8 16. Nf1 c6 17. c4 Rc8 18. Qe2 Kh7 19. Bh4 f6 20. Ne3 Rc7 21. dxc6 Bxc6 22. Nd5 Bxd5 23. cxd5 a5 24. Nd2 Nb7 25. Rac1 Nbc5 26. Bb5 Rfc8 27. Nc4 h5 28. f3 Bh6 29. Rc3 Rb8 30. Na3 Rf8 31. Nc4 Rfc8 32. Na3 Rf8 33. Nc4 Bg5 34. Bf2 Rfc8 35. Na3 Rf8 36. Nc4 Rfc8 37. Na3 Rf8 38. Nc4 Rfc8 39. Na3 1/2-1/2

[Event "BCF-chT3N 1920 (4NCL)"]
[Site "England"]
[Date "2020.01.11"]
[Round "3.51"]
[White "Surtees, Michael"]
[Black "Carpenter, Martin"]
[Result "1-0"]
[WhiteElo "2177"]
[BlackElo "2032"]
[PlyCount "55"]
[EventDate "2019.11.09"]
[EventType "team-swiss"]
[EventRounds "11"]
[EventCountry "ENG"]
[SourceTitle "EXT 2022"]
[Source "ChessBase"]
[SourceDate "2021.10.06"]
[SourceVersion "1"]
[SourceVersionDate "2021.10.06"]
[SourceQuality "1"]
[WhiteTeam "Bolton & Worsley"]
[BlackTeam "Jorvik"]
[WhiteTeamCountry "ENG"]
[BlackTeamCountry "ENG"]

1. e4 e6 2. a3 d5 3. e5 c5 4. b4 Nc6 5. Nf3 Qc7 6. Bb2 cxb4 7. axb4 Bxb4 8. Bd3 f6 9. 0-0 f5 10. Na3 Nh6 11. c4 0-0 12. cxd5 exd5 13. Qb3 Be6 14. Nb5 Qd7 15. Rfc1 a5 16. Ng5 Rac8 17. Rc2 Nf7 18. Nxe6 Qxe6 19. f4 Nfd8 20. Ba3 Qd7 21. Nd6 Bxd6 22. Qxd5+ Qe6 23. Bc4 Qxd5 24. Bxd5+ Kh8 25. Bxd6 Re8 26. Rxa5 Ne6 27. Bxe6 Rxe6 28. Rb5 1-0

[Event "BCF-chT3N 1819 (4NCL)"]
[Site "England"]
[Date "2019.05.05"]
[Round "10.51"]
[White "Surtees, Michael"]
[Black "Tyton, Adam"]
[Result "1-0"]
[WhiteElo "2192"]
[BlackElo "1930"]
[PlyCount "57"]
[EventDate "2018.11.10"]
[EventType "team-swiss"]
[EventRounds "11"]
[EventCountry "ENG"]
[SourceTitle "EXT 2021"]
[Source "ChessBase"]
[SourceDate "2020.10.23"]
[SourceVersion "1"]
[SourceVersionDate "2020.10.23"]
[SourceQuality "1"]
[WhiteTeam "Bolton & Worsley"]
[BlackTeam "Manchester Manticores III"]
[WhiteTeamCountry "ENG"]
[BlackTeamCountry "ENG"]

1. d4 c6 2. e4 d5 3. exd5 cxd5 4. c4 Nf6 5. Nc3 e6 6. Nf3 Bb4 7. cxd5 Nxd5 8. Qc2 Nc6 9. a3 Ba5 10. Bg5 Qd7 11. Rd1 0-0 12. Bd3 h6 13. Bc1 a6 14. 0-0 Nxc3 15. bxc3 b5 16. a4 b4 17. c4 Bb7 18. d5 exd5 19. cxd5 Ne7 20. d6 Rfc8 21. Qb1 Nd5 22. Bh7+ Kh8 23. Bf5 Qxa4 24. Bxc8 Rxc8 25. Qf5 Nc3 26. Rde1 Qa2 27. d7 Rg8 28. Ng5 g6 29. Qf6+ 1-0

[Event "ENG-ch Seniors 65"]
[Site "Solihull"]
[Date "2019.04.07"]
[Round "6"]
[White "Surtees, Michael"]
[Black "Page, Mark"]
[Result "1-0"]
[WhiteElo "2087"]
[BlackElo "2107"]
[PlyCount "71"]
[EventDate "2019.04.04"]
[EventType "swiss"]
[EventRounds "6"]
[EventCountry "ENG"]
[SourceTitle "CBM 190 Extra"]
[Source "ChessBase"]
[SourceDate "2019.07.15"]
[SourceVersion "1"]
[SourceVersionDate "2019.07.15"]
[SourceQuality "1"]

1. e4 c5 2. Nh3 Nc6 3. f4 e6 4. d3 d5 5. Nf2 Be7 6. c3 dxe4 7. dxe4 Qxd1+ 8. Kxd1 b6 9. a4 Bb7 10. Na3 0-0-0+ 11. Kc2 Na5 12. Nc4 Nf6 13. Nxa5 bxa5 14. e5 Ne4 15. Be3 g5 16. Nxe4 Bxe4+ 17. Kb3 gxf4 18. Bxf4 Kc7 19. c4 Rhg8 20. Rg1 Bg5 21. Re1 Bc6 22. Bxg5 Rxg5 23. Kc3 h5 24. g3 Bxa4 25. Bd3 Bc6 26. Rgf1 Rd7 27. Rf4 Kd8 28. Re3 Ke7 29. Be2 a4 30. h4 Rg7 31. Bxh5 Rb7 32. Bd1 Rg8 33. h5 Rg5 34. h6 Kf8 35. Rh4 Kg8 36. Bc2 1-0

[Event "ENG-ch Seniors 65"]
[Site "Solihull"]
[Date "2019.04.06"]
[Round "4"]
[White "Surtees, Michael"]
[Black "Tucker, David Sidney"]
[Result "1-0"]
[WhiteElo "2087"]
[BlackElo "1980"]
[PlyCount "103"]
[EventDate "2019.04.04"]
[EventType "swiss"]
[EventRounds "6"]
[EventCountry "ENG"]
[SourceTitle "CBM 190 Extra"]
[Source "ChessBase"]
[SourceDate "2019.07.15"]
[SourceVersion "1"]
[SourceVersionDate "2019.07.15"]
[SourceQuality "1"]

1. e4 c5 2. Nh3 Nc6 3. f4 d5 4. exd5 Qxd5 5. Nc3 Qd8 6. Nf2 Nf6 7. Bc4 a6 8. a4 e6 9. 0-0 Be7 10. d3 0-0 11. Bd2 Bd7 12. Nce4 Nd4 13. a5 Bb5 14. b3 Rc8 15. Kh1 Qd7 16. c3 Bxc4 17. Nxf6+ Bxf6 18. bxc4 Nf5 19. Qe2 Rfd8 20. g3 Qc6+ 21. Kg1 Rd7 22. Rfd1 Rcd8 23. Be1 g6 24. Rdb1 Bg7 25. Rb6 Qc8 26. Rab1 h5 27. Qf3 Nd6 28. h3 Rc7 29. g4 hxg4 30. hxg4 Qd7 31. Ra1 Nc8 32. Rb2 Nd6 33. Re2 Qc6 34. Qxc6 Rxc6 35. Rb1 Rd7 36. Rb3 Bf6 37. g5 Bd8 38. Ng4 Rc8 39. Bf2 Kf8 40. Ne5 Re7 41. Ra2 Kg7 42. Kf1 f6 43. gxf6+ Kxf6 44. Bh4+ Kf5 45. Bxe7 Bxe7 46. Rg2 Rh8 47. Nxg6 Rh1+ 48. Ke2 Bf6 49. Rb6 Nc8 50. Rxb7 Bxc3 51. Rf7+ Bf6 52. Rg5# 1-0

[Event "Harrogate 4NCL op-A 21st"]
[Site "Harrogate"]
[Date "2019.01.20"]
[Round "4"]
[White "Ther, Mate T"]
[Black "Surtees, Michael"]
[Result "0-1"]
[WhiteElo "1806"]
[BlackElo "2105"]
[PlyCount "56"]
[EventDate "2019.01.18"]
[EventType "swiss"]
[EventRounds "5"]
[EventCountry "ENG"]
[SourceTitle "CBM 188 Extra"]
[Source "ChessBase"]
[SourceDate "2019.02.26"]
[SourceVersion "1"]
[SourceVersionDate "2019.02.26"]
[SourceQuality "1"]

1. e4 c6 2. d4 d5 3. Nc3 a6 4. Be3 g6 5. e5 Nh6 6. Qd2 Nf5 7. Nf3 Bg7 8. Bf4 h5 9. Be2 a5 10. b3 Na6 11. Na4 b5 12. Nb2 Nc7 13. a4 b4 14. Bd3 Ne6 15. Bxf5 gxf5 16. Be3 Ba6 17. Nh4 f4 18. Bxf4 Nxf4 19. Qxf4 Bh6 20. Qf3 e6 21. g3 Qb6 22. Rd1 Bg5 23. Ng2 c5 24. h4 Bh6 25. Qf6 Rh7 26. Nf4 cxd4 27. Nxh5 Qc7 28. Qf3 Qxe5+ 0-1

[Event "BCF-ch rapidplay 32nd"]
[Site "Ilkley"]
[Date "2018.11.25"]
[Round "9"]
[White "Surtees, Michael"]
[Black "Bates, Richard"]
[Result "0-1"]
[WhiteElo "2096"]
[BlackElo "2378"]
[PlyCount "61"]
[EventDate "2018.11.24"]
[EventType "swiss (rapid)"]
[EventRounds "11"]
[EventCountry "ENG"]
[SourceTitle "CBM 187 Extra"]
[Source "ChessBase"]
[SourceDate "2018.11.04"]
[SourceVersion "1"]
[SourceVersionDate "2018.11.04"]
[SourceQuality "1"]

1. e4 c5 2. Nh3 Nc6 3. f4 d5 4. exd5 Qxd5 5. Nc3 Qe6+ 6. Be2 Nd4 7. 0-0 Nxe2+ 8. Nxe2 Qc6 9. Nf2 Nf6 10. b3 b6 11. Kh1 Bb7 12. Rg1 h5 13. Qf1 h4 14. Nh3 Bc8 15. Ng5 h3 16. Qf3 Bb7 17. Qxc6+ Bxc6 18. Nf3 Ng4 19. Rf1 hxg2+ 20. Kxg2 Nxh2 21. Neg1 Nxf1 22. Kxf1 f6 23. Kf2 e6 24. Bb2 Bd6 25. Ne2 Rh3 26. Neg1 Rh1 27. Re1 Kf7 28. Ke3 Rah8 29. Re2 Bxf3 30. Nxf3 Rf1 31. Bc1 0-1

[Event "GBR-ch 105th Morning op"]
[Site "Hull"]
[Date "2018.08.03"]
[Round "5"]
[White "Villiers, Thomas"]
[Black "Surtees, Michael"]
[Result "1-0"]
[WhiteElo "2173"]
[BlackElo "2146"]
[PlyCount "61"]
[EventDate "2018.07.30"]
[EventType "swiss"]
[EventRounds "5"]
[EventCountry "ENG"]
[SourceTitle "EXT 2019"]
[Source "ChessBase"]
[SourceDate "2018.10.10"]
[SourceVersion "1"]
[SourceVersionDate "2018.10.10"]
[SourceQuality "1"]

1. d4 e6 2. e4 d5 3. Nd2 Nf6 4. e5 Nfd7 5. Bd3 c5 6. c3 Nc6 7. Ne2 a5 8. f4 g6 9. Nf3 a4 10. 0-0 a3 11. bxa3 c4 12. Bc2 Qa5 13. g4 h5 14. f5 hxg4 15. fxe6 gxf3 16. exf7+ Kxf7 17. e6+ Kg7 18. exd7 fxe2 19. Qxe2 Bxd7 20. Qf2 Bf5 21. Bxf5 Bd6 22. Be6 Raf8 23. Qf7+ Rxf7 24. Rxf7+ Kg8 25. Bg5 Rh4 26. Rf4+ Kg7 27. Rf7+ Kg8 28. Bxh4 g5 29. Bxg5 Qa4 30. Re7+ Kf8 31. Rf1+ 1-0

[Event "GBR-ch 105th Morning op"]
[Site "Hull"]
[Date "2018.08.02"]
[Round "4"]
[White "Surtees, Michael"]
[Black "See, Tristian"]
[Result "1-0"]
[WhiteElo "2146"]
[BlackElo "1734"]
[PlyCount "107"]
[EventDate "2018.07.30"]
[EventType "swiss"]
[EventRounds "5"]
[EventCountry "ENG"]
[SourceTitle "EXT 2019"]
[Source "ChessBase"]
[SourceDate "2018.10.10"]
[SourceVersion "1"]
[SourceVersionDate "2018.10.10"]
[SourceQuality "1"]

1. e4 c5 2. Nh3 d5 3. Bb5+ Nc6 4. Ng5 dxe4 5. Nc3 e5 6. d3 Be7 7. h4 Bxg5 8. hxg5 Nge7 9. Nxe4 Bf5 10. c3 Bxe4 11. dxe4 Qxd1+ 12. Kxd1 0-0-0+ 13. Ke2 Rd6 14. Be3 b6 15. Rh3 f5 16. gxf6 Rxf6 17. g3 h6 18. a3 Rhf8 19. b4 cxb4 20. axb4 Kb8 21. Rhh1 Rc8 22. Rhd1 g5 23. Rd3 Rc7 24. Rad1 Nc8 25. Rd7 Rxd7 26. Rxd7 N6e7 27. c4 Rd6 28. c5 Rxd7 29. Bxd7 Kc7 30. Bxc8 Nxc8 31. Kf3 Ne7 32. Kg4 b5 33. Kh5 Nc6 34. Bd2 Nd4 35. Kxh6 Ne6 36. Bc3 a5 37. bxa5 Nxc5 38. Bxe5+ Kc6 39. f3 g4 40. fxg4 Nxe4 41. g5 Kd5 42. a6 Kxe5 43. a7 Nxg3 44. a8Q Nf5+ 45. Kh7 Kf4 46. g6 b4 47. Qb8+ Kg5 48. g7 Nh6 49. g8Q+ Nxg8 50. Kxg8 Kh6 51. Qxb4 Kh5 52. Kf7 Kg5 53. Qe4 Kh6 54. Qg6# 1-0